000 04015ncm0a2200409 4500
001 RU\NLR\ONIZ\227863
005 20260305151625.0
035 _a(NLR Aleph) 012234783
090 _a11003777
_c11003777
100 _a20200302d2019 u y0rusy50 ca
101 0 _arus
102 _aRU
125 _aax
200 1 _aЧетыре песни на стихи Дж. Байрона
_bНоты
_eвокальный цикл для голоса и фортепиано
_fГ. Углов
210 _aБарнаул
_cНовый формат
_d2019
_gИП Колмогоров И. А.
_eБарнаул
215 _a24 с.
_cфото
_d30 см
327 1 _a1. Она идёт во всей красе / перевод С. Маршака ;
_a2. Грешник : "Как грешник, изгнанный из рая..." / перевод В. Левика ;
_a3. Гробница : "Как одинокая гробница..." / перевод М. Лермонтова ;
_a4. К времени : "О Время! Все несётся мимо..." / перевод Т. Гнедич
464 0 _12001#$aОна идёт во всей красе$fперевод С. Маршака
_1215##$aС.4-6
_1604##
_1700#1$aБайрон$bД. Г.$gДжордж Гордон$f1788-1824$7ca
_150010$aЕврейские мелодии$xНоты$xМузыкальные интерпретации
_1702#1$9z01790$aМаршак$bС. Я.$gСамуил Яковлевич$f1887-1964$4730
_1790#1$9z01702$aMaršak$bS. J.$gSamuil Jakovlevič$f1887-1964$4730$7ba
464 0 _12001#$aГрешник$e"Как грешник, изгнанный из рая..."$fперевод В. Левика
_1215##$aС.7-11
_1604##
_1700#1$aБайрон$bД. Г.$gДжордж Гордон$f1788-1824$7ca
_150010$aДаме, которая спросила, почему я весной уезжаю из Англии$xНоты$xМузыкальные интерпретации
_1702#1$9z01790$aЛевик$bВ. В.$f1907-1982$gВильгельм Вениаминович$3RU\NLR\AUTH\770290677$4730$7ca
_1790#1$9z01702$aLevik$bV. V.$gVil`gelm Veniaminovič$f1907-1982$4730$7ba
464 0 _12001#$aГробница$e"Как одинокая гробница..."$fперевод М. Лермонтова
_1215##$aС.12-14
_1604##
_1700#1$aБайрон$bД. Г.$gДжордж Гордон$f1788-1824$7ca
_150010$aВ альбом$xНоты$xМузыкальные интерпретации
_1702#1$9z01790$aЛермонтов$bМ. Ю.$gМихаил Юрьевич$f1814-1841$4730$7ca
_1790#1$9z01702$aLermontov$bM. J.$gMichail Jur'evič$cwriter$f1814-1841$4730$7ba
464 0 _12001#$aК времени$e"О Время! Все несётся мимо..."$fперевод Т. Гнедич
_1215##$aС.15-20
_1604##
_1700#1$aБайрон$bД. Г.$gДжордж Гордон$f1788-1824$7ca
_150010$aК времени$xНоты$xМузыкальные интерпретации
_1702#1$9z01790$aГнедич$bТ. Г.$gТатьяна Григорьевна$f1907-1976$4730$7ca
_1790#1$9z01702$aGnedič$bT. G.$gTat`jana Grigor`evna$f1907-1976$4730$7ba
606 1 _aВокальные циклы для голоса и фортепиано
_yРоссия
_z20-21 вв.
_2nlr_sh
606 1 _aВокальная музыка российских композиторов
_jНоты
_2nlr_sh
686 _aЩ943.4-42-043.2(2Р=Р)
_vLBC/SL
_2rubbk
700 1 _9z01790
_aУглов
_bГ. Ф.
_gГригорий Фёдорович
_4230
_7ca
702 1 _aБайрон
_bД. Г.
_f1788-1824
_gДжордж Гордон
_3RU\NLR\AUTH\778298
_4520
790 1 _9z01700
_aUglov
_bG.
_gGrigorij
_4230
_7ba
790 1 _aByron
_bG. G. B.
_f1788-1824
_gGeorge Gordon Byron
_3RU\NLR\AUTH\770214134
_4520
801 0 _aRU
_bNLR
_c20200302
_gPSBO
801 1 _aRU
_bNLR
_c20200302
_2rusmarc
801 2 _aRU
_bNLR
_c20230516
852 _aNLR
_jМ К-3/30343а
_mМОЭ 2019-НО-П-47/650а
_t2
852 _aNLR
_jМ К-3/30343
_mМОЭ 2019-НО-П-47/650
_t1
942 _cSCORE
980 _aNB
980 _aONIZ